[Event "Ì13Ï"]
[Site "Loo"]
[Date "2017.04.21"]
[Round "2.35"]
[White "Ìàòóùàê, Íèêèòà."]
[Black "Ñèäîðîâ, Åãîð."]
[Result "1/2-1/2"]
[WhiteElo "1406"]
[BlackElo "1662"]
[PlyCount "81"]
[EventDate "2017.04.20"]

1. e4 c5 2. d4 cxd4 3. c3 Nf6 4. e5 Nd5 5. cxd4 Nc6 6. Nf3 d6 7. Bc4 dxe5 8.
dxe5 Nb6 9. Qxd8+ Nxd8 10. Bb3 g6 11. Nc3 Bg7 12. O-O O-O 13. Re1 Ne6 14. Be3
Nc7 15. Rac1 Be6 16. Ne4 Bxb3 17. Rxc7 Bxa2 18. Rxe7 Bd5 19. Nd6 Bxf3 20. Bxb6
Bc6 21. Ba5 b6 22. Bc3 Bd5 23. Ra1 a6 24. Bd4 b5 25. Rc1 Rfd8 26. Bb6 Rdb8 27.
Be3 Rd8 28. Bf4 Bf8 29. Rec7 f6 30. Nb7 Bxb7 31. Rxb7 fxe5 32. Bxe5 Rd5 33. Bc3
Rad8 34. Kf1 R8d7 35. Rxd7 Rxd7 36. Ke2 Kf7 37. Ra1 Rd6 38. Kf3 Ke6 39. Ke4 Bh6
40. f4 Rc6 41. g3 1/2-1/2

[Event "Ì13Ï"]
[Site "Loo"]
[Date "2017.04.21"]
[Round "2.36"]
[White "Íåëîâêî, Íèêèòà."]
[Black "Æåðäåâ, Ñâÿòîñëàâ."]
[Result "1/2-1/2"]
[WhiteElo "1618"]
[BlackElo "1293"]
[PlyCount "80"]
[EventDate "2017.04.20"]

1. c4 e5 2. Nc3 Nf6 3. g3 g6 4. Bg2 Bg7 5. Rb1 O-O 6. b3 c6 7. e4 d6 8. Nge2
Ne8 9. O-O f5 10. d3 Nf6 11. Bb2 Na6 12. d4 Nc7 13. dxe5 dxe5 14. Qxd8 Rxd8 15.
Rbd1 Bd7 16. Ba1 Ne6 17. f4 Ng4 18. Rf3 Nd4 19. Rfd3 c5 20. h3 fxe4 21. Bxe4
Nf6 22. Nxd4 exd4 23. Bxb7 Rab8 24. Bd5+ Nxd5 25. Nxd5 Bxh3 26. Ne7+ Kf7 27.
Nc6 a5 28. Nxb8 Rxb8 29. Kf2 h5 30. Re1 Bf5 31. Rd2 Rc8 32. Rde2 Bf6 33. Rd2
Bg7 34. Rde2 Bf6 35. Rd2 Bg7 36. Rde2 Bf6 37. Rd2 Bg7 38. Rde2 Bf6 39. Rd2 Bg7
40. Rde2 Bf6 1/2-1/2

[Event "Ì13Ï"]
[Site "Loo"]
[Date "2017.04.21"]
[Round "2.37"]
[White "Êîíîòîï, Òèìîôåé."]
[Black "Øâåòêî, Ðîìàí."]
[Result "0-1"]
[WhiteElo "1397"]
[BlackElo "1614"]
[PlyCount "74"]
[EventDate "2017.04.20"]

1. e4 e5 2. Nf3 Nf6 3. Nxe5 d6 4. Nf3 Nxe4 5. Nc3 Nxc3 6. dxc3 Be7 7. Bf4 Nc6
8. Qd2 a6 9. Bc4 Bf5 10. O-O-O Qd7 11. Nd4 Be6 12. Bb3 Bxb3 13. axb3 O-O-O 14.
Qe3 Bf6 15. Nxc6 Qxc6 16. Qa7 Qxg2 17. c4 Qc6 18. Be3 Rhe8 19. c5 Kd7 20. cxd6
cxd6 21. Rhe1 Ra8 22. Qb6 Qxb6 23. Bxb6 Rxe1 24. Rxe1 Re8 25. Rd1 Be5 26. h3
Re6 27. Be3 Rf6 28. c4 Bf4 29. c5 Bxe3+ 30. fxe3 Kc6 31. cxd6 Rxd6 32. Rf1 f6
33. Rg1 g5 34. Rf1 Kd5 35. Re1 Ke4 36. Kc2 Kf3 37. e4 Kf2 0-1

[Event "Ì13Ï"]
[Site "Loo"]
[Date "2017.04.21"]
[Round "2.38"]
[White "Íàäðøèí, Òèìóð."]
[Black "Ïëîòíèêîâ, Äàíèèë."]
[Result "1-0"]
[WhiteElo "1605"]
[BlackElo "1472"]
[PlyCount "55"]
[EventDate "2017.04.20"]

1. e4 c5 2. Nf3 d6 3. d4 cxd4 4. Nxd4 Nf6 5. Nc3 a6 6. Bg5 e6 7. f4 Be7 8. Qf3
Qc7 9. O-O-O Nbd7 10. g4 b5 11. Bxf6 gxf6 12. g5 fxg5 13. fxg5 Bxg5+ 14. Kb1
Ne5 15. Qh5 Be7 16. Bh3 Ng6 17. Rdf1 e5 18. Nd5 Qc5 19. Nf5 Bxf5 20. Qxf5 Qc6
21. Qxf7+ Kd8 22. Qg7 Ra7 23. Rf7 Qe8 24. Rf6 Rg8 25. Rxd6+ Bxd6 26. Qxa7 Qc6
27. Qxh7 Qe8 28. Qb7 1-0

[Event "Ì13Ï"]
[Site "Loo"]
[Date "2017.04.21"]
[Round "2.39"]
[White "Òóêàåâ, Òèìóð."]
[Black "Êàðàïåòÿí, Âàãðàì."]
[Result "0-1"]
[WhiteElo "1300"]
[BlackElo "1589"]
[PlyCount "66"]
[EventDate "2017.04.20"]

1. e4 c5 2. Nf3 Nc6 3. Bb5 g6 4. O-O Bg7 5. Re1 Nf6 6. Nc3 O-O 7. h3 Ne8 8. Bf1
Nc7 9. d3 d5 10. exd5 Nxd5 11. Nxd5 Qxd5 12. g3 Rb8 13. Bg2 Qd6 14. Nd2 b6 15.
Nc4 Qc7 16. h4 Bb7 17. h5 e5 18. h6 Bh8 19. Ne3 Qd7 20. Ng4 Rfe8 21. Bg5 Re6
22. Nh2 Nd4 23. Bh3 Qc6 24. Re4 f5 25. c3 fxe4 26. Bxe6+ Nxe6 27. Qg4 Nxg5 28.
Qxg5 exd3 29. f3 Bf6 30. Qd2 Rd8 31. Rd1 e4 32. Qe3 exf3 33. Kf2 Re8 0-1

[Event "Ì13Ï"]
[Site "Loo"]
[Date "2017.04.21"]
[Round "2.40"]
[White "Ñàíêóëîâ, Èëüÿ."]
[Black "Ãóõìàí, Ñåðãåé."]
[Result "1/2-1/2"]
[WhiteElo "1225"]
[BlackElo "1580"]
[PlyCount "65"]
[EventDate "2017.04.20"]

1. e4 e6 2. d4 d5 3. exd5 exd5 4. Nf3 Bd6 5. Nc3 Ne7 6. Bd3 O-O 7. O-O c6 8. h3
Bf5 9. Re1 Nd7 10. Ne2 Nf6 11. Bg5 Ne4 12. Bxe7 Bxe7 13. Nd2 b5 14. Nxe4 dxe4
15. Ng3 exd3 16. Nxf5 Bf6 17. Qxd3 g6 18. Qg3 Kh8 19. Nd6 Bh4 20. Qe5+ Bf6 21.
Qg3 Bh4 22. Qe5+ Bf6 23. Qg3 Bxd4 24. Red1 Qf6 25. Ne4 Qe5 26. Qxe5+ Bxe5 27.
c3 Rad8 28. g3 f5 29. Ng5 Rde8 30. Rd7 Bg7 31. Rxa7 h6 32. Nf3 Ra8 33. Rc7 {
äàëåå çàïèñü íåðàçáîð~~èâà} 1/2-1/2

[Event "Ì13Ï"]
[Site "Loo"]
[Date "2017.04.21"]
[Round "2.41"]
[White "Âàðçèåâ, Êîíñòàíòèí."]
[Black "Ïîçäååâ, Àëåêñåé."]
[Result "0-1"]
[WhiteElo "1175"]
[BlackElo "1833"]
[PlyCount "82"]
[EventDate "2017.04.20"]

1. c4 e6 2. e4 c5 3. Nc3 b6 4. d3 Bb7 5. Nge2 Be7 6. Be3 Nf6 7. g3 Nc6 8. Bg2
Ng4 9. Bf4 Nge5 10. O-O O-O 11. Bxe5 Nxe5 12. f4 Nc6 13. a3 d6 14. Rb1 Bf6 15.
Kh1 Nd4 16. Nxd4 Bxd4 17. Ne2 Bf6 18. b4 Qc7 19. b5 a6 20. a4 axb5 21. axb5 Ra5
22. Qc2 Rfa8 23. Nc1 h6 24. Re1 Bd4 25. Nb3 Ra2 26. Qd1 Bf6 27. Re2 Qb8 28.
Rxa2 Rxa2 29. Nc1 Ra3 30. Rb3 Ra5 31. Rb1 Qa8 32. Nb3 Ra2 33. Nc1 Ra7 34. Bf3
g6 35. Kg2 Bg7 36. Kh1 f5 37. Qe1 Ra4 38. Qe2 Ra3 39. Kg2 Rc3 40. exf5 Bxf3+
41. Qxf3 Rc2+ 0-1

[Event "Ì13Ï"]
[Site "Loo"]
[Date "2017.04.21"]
[Round "2.42"]
[White "Õàëèóëëèí, Àëüáåðò."]
[Black "Ëèëÿê, Àðñåíèé."]
[Result "1-0"]
[WhiteElo "1930"]
[BlackElo "1349"]
[PlyCount "61"]
[EventDate "2017.04.20"]

1. e4 e5 2. Nf3 Nc6 3. Bb5 a6 4. Ba4 Nf6 5. O-O Be7 6. d4 exd4 7. e5 Nd5 8.
Nxd4 O-O 9. Re1 Bc5 10. Nb3 Ba7 11. Qxd5 Qh4 12. Be3 Bxe3 13. Rxe3 Qxa4 14. Nc3
Qg4 15. Rae1 b6 16. Ne4 Qe6 17. Nc3 Bb7 18. Rh3 Qg4 19. Qd3 h6 20. Rg3 Qe6 21.
f4 Kh8 22. f5 Qe7 23. f6 gxf6 24. Qe3 Kh7 25. Rh3 Kg6 26. Rxh6+ Kg7 27. exf6+
Qxf6 28. Rxf6 Kxf6 29. Rf1+ Kg7 30. Qg5+ Kh8 31. Rf6 1-0

[Event "Ì13Ï"]
[Site "Loo"]
[Date "2017.04.21"]
[Round "2.43"]
[White "Öûðåíäàøèåâ, Áàòî."]
[Black "Ìíàöàêàíÿí, Òèãðàí."]
[Result "1-0"]
[WhiteElo "1810"]
[BlackElo "1320"]
[PlyCount "59"]
[EventDate "2017.04.20"]

1. e4 c5 2. Nf3 d6 3. Nc3 Nf6 4. d4 cxd4 5. Nxd4 a6 6. Be3 e6 7. f3 Be7 8. Qd2
O-O 9. O-O-O b5 10. g4 Bb7 11. g5 Ne8 12. Kb1 d5 13. e5 Bb4 14. Nde2 Qc7 15.
Bd4 a5 16. h4 g6 17. h5 a4 18. Nf4 Be7 19. hxg6 fxg6 20. Nxe6 Qd7 21. Nxf8 Bxf8
22. Bxb5 Bc6 23. e6 Qe7 24. Bxc6 Nxc6 25. Nxd5 Qxe6 26. Nf6+ Nxf6 27. Bxf6 Qf7
28. Qd7 Ne7 29. Bxe7 Qxe7 30. Qd5+ 1-0

[Event "Ì13Ï"]
[Site "Loo"]
[Date "2017.04.21"]
[Round "2.44"]
[White "×óêëèí, Èâàí."]
[Black "Àçèìîâ, Òèìóð."]
[Result "1-0"]
[WhiteElo "1791"]
[BlackElo "1281"]
[PlyCount "29"]
[EventDate "2017.04.20"]

1. e4 c5 2. Nf3 d6 3. d4 cxd4 4. Nxd4 Nf6 5. Nc3 a6 6. Bg5 e6 7. f4 Be7 8. Qf3
Qc7 9. O-O-O b5 10. Bxf6 Bxf6 11. e5 Bb7 12. exd6 Qb6 13. Qe3 Nc6 14. d7+ Kf8
15. Nxe6+ 1-0

[Event "Ì13Ï"]
[Site "Loo"]
[Date "2017.04.21"]
[Round "2.45"]
[White "Ñîëîâüåâ, Âëàäèñëàâ."]
[Black "Èîíà, Àëåêñàíäð."]
[Result "1-0"]
[WhiteElo "1729"]
[BlackElo "1277"]
[PlyCount "73"]
[EventDate "2017.04.20"]

1. e4 d5 2. exd5 Qxd5 3. Nc3 Qa5 4. d4 Nf6 5. Nf3 Bg4 6. h3 Bh5 7. g4 Bg6 8.
Ne5 e6 9. h4 Be4 10. Nc4 Qb4 11. a3 Qe7 12. Nxe4 Nxe4 13. Qf3 Nd6 14. Nxd6+
cxd6 15. Bb5+ Kd8 16. Bd2 d5 17. O-O-O Nc6 18. Bxc6 bxc6 19. Rhe1 Qxh4 20. Qxf7
Qe7 21. Qxe6 Qxe6 22. Rxe6 Kd7 23. Rde1 Bd6 24. Bb4 Bxb4 25. axb4 Rhe8 26. Rxe8
Rxe8 27. Rxe8 Kxe8 28. Kd2 Kf7 29. Ke3 Kf6 30. f4 g6 31. g5+ Kf5 32. Kf3 a6 33.
c3 Ke6 34. Kg4 Kf7 35. f5 gxf5+ 36. Kxf5 Ke7 37. Ke5 1-0

[Event "Ì13Ï"]
[Site "Loo"]
[Date "2017.04.21"]
[Round "2.46"]
[White "Êàëèíèí, Ìàòâåé."]
[Black "Ðîìàíîâ, Ìàêñèì."]
[Result "0-1"]
[WhiteElo "1345"]
[BlackElo "1700"]
[PlyCount "70"]
[EventDate "2017.04.20"]

1. e4 c5 2. d3 Nc6 3. Nf3 g6 4. g3 Bg7 5. Bg2 d6 6. Nbd2 e5 7. c3 Nge7 8. O-O
O-O 9. Ne1 f5 10. f4 Be6 11. Ndf3 h6 12. Be3 Rc8 13. Nd2 b5 14. Nc2 a5 15. Nb1
fxe4 16. dxe4 exf4 17. gxf4 a4 18. Qe2 b4 19. Rd1 Qc7 20. Ne1 a3 21. Qd2 axb2
22. Qxb2 Rb8 23. Qd2 Rfd8 24. Rc1 Ra8 25. Qf2 Rdb8 26. e5 dxe5 27. Bxc5 b3 28.
Nd3 Bd5 29. Nb4 Bxg2 30. Kxg2 exf4 31. Rd1 Nxb4 32. Bxb4 Rxb4 33. Qf3 Qb7 34.
cxb4 Qxf3+ 35. Kxf3 b2 0-1

[Event "Ì13Ï"]
[Site "Loo"]
[Date "2017.04.21"]
[Round "2.47"]
[White "Äàíèëèí, Åãîð."]
[Black "Òàòàðèíöåâ, Ìèõàèë."]
[Result "1/2-1/2"]
[WhiteElo "1309"]
[BlackElo "1690"]
[PlyCount "83"]
[EventDate "2017.04.20"]

1. e4 c5 2. Nf3 e6 3. d4 cxd4 4. Nxd4 a6 5. Nc3 Qc7 6. Be3 b5 7. a3 Bb7 8. Bd3
Nf6 9. O-O Nc6 10. Re1 Be7 11. Nxc6 dxc6 12. Bg5 c5 13. e5 Nd5 14. Nxd5 Bxd5
15. Bxe7 Qxe7 16. Be4 Rd8 17. Qg4 g6 18. Bxd5 Rxd5 19. c4 Rd2 20. cxb5 axb5 21.
b4 O-O 22. bxc5 Qxc5 23. Qf4 Rfd8 24. h3 R8d4 25. Qe3 R2d3 26. Qe2 Rd5 27. Rec1
Qd4 28. Re1 Qa4 29. Qe4 Qc2 30. a4 bxa4 31. Qxa4 Qc3 32. Qf4 Ra5 33. Rac1 Qd2
34. Qf6 Rd8 35. Rf1 Rad5 36. Rc7 R5d7 37. Rxd7 Qxd7 38. Ra1 Qc7 39. Kh2 Qd7 40.
Ra7 Qxa7 41. Qxd8+ Kg7 42. Qf6+ 1/2-1/2

[Event "Ì13Ï"]
[Site "Loo"]
[Date "2017.04.21"]
[Round "2.48"]
[White "Ãîðáóíîâ, Âëàäèñëàâ."]
[Black "Âîëêîâ, Âëàäèñëàâ."]
[Result "1/2-1/2"]
[WhiteElo "1282"]
[BlackElo "1649"]
[PlyCount "82"]
[EventDate "2017.04.20"]

1. e4 e6 2. d4 d5 3. e5 c5 4. c3 Nc6 5. Nf3 Qb6 6. Bd3 Bd7 7. O-O cxd4 8. cxd4
Nxd4 9. Nxd4 Qxd4 10. Nc3 Qxe5 11. Re1 Qd6 12. Qb3 Bc6 13. Bb5 Ne7 14. Bxc6+
Qxc6 15. Bf4 a6 16. Rac1 b5 17. Ne4 Qb6 18. Nd6+ Kd7 19. Nxf7 Rg8 20. Rc7+ Ke8
21. Nd6+ Kd8 22. Nb7+ Ke8 23. Rec1 g6 24. Nd6+ Kd8 25. Nf7+ Ke8 26. Qf3 Ra7 27.
Nd6+ Kd8 28. Nc8 Nxc8 29. Be3 d4 30. Qf6+ Be7 31. Rxc8+ Kd7 32. Qxd4+ Qxd4 33.
Bxd4 Rxc8 34. Rxc8 Kxc8 35. Bxa7 Kd7 36. Kf1 Kc6 37. Ke2 Kd5 38. Kd3 Bf6 39. b3
e5 40. f3 h5 41. h3 Bg5 1/2-1/2

[Event "Ì13Ï"]
[Site "Loo"]
[Date "2017.04.21"]
[Round "2.49"]
[White "Àâäóøèí, Íèêèòà."]
[Black "Æèðÿêîâ, Ñòàíèñëàâ."]
[Result "1-0"]
[WhiteElo "1262"]
[BlackElo "1639"]
[PlyCount "37"]
[EventDate "2017.04.20"]

1. d4 Nf6 2. e3 d5 3. Bd3 c5 4. dxc5 e5 5. Nc3 Bxc5 6. Nge2 Nc6 7. Ng3 Bg4 8.
f3 Be6 9. Qe2 a6 10. a3 O-O 11. b4 Ba7 12. Na4 Nd7 13. O-O f5 14. c4 d4 15. Nh1
Rf6 16. Bd2 Rg6 17. c5 Qc7 18. Ng3 Rf6 19. Bc4 {äàëåå çàïèñü íåðàçáîð~~èâà} 1-0

[Event "Ì13Ï"]
[Site "Loo"]
[Date "2017.04.21"]
[Round "2.50"]
[White "Ìåëüíèêîâ, Âÿ÷åñëàâ."]
[Black "Äàâèäÿí, Âëàäèìèð."]
[Result "1-0"]
[WhiteElo "1637"]
[BlackElo "1252"]
[PlyCount "89"]
[EventDate "2017.04.20"]

1. e4 e5 2. Nf3 Nc6 3. d4 exd4 4. Bc4 Bc5 5. c3 Nge7 6. cxd4 Bb4+ 7. Bd2 d5 8.
Bxb4 Nxb4 9. Qa4+ Nbc6 10. exd5 Nxd5 11. Bxd5 Qxd5 12. Nc3 Qa5 13. Qxa5 Nxa5
14. Nb5 Kd8 15. Ne5 Be6 16. d5 Re8 17. dxe6 Rxe6 18. O-O-O+ Kc8 19. Nxf7 Nc6
20. Rhe1 Rxe1 21. Rxe1 Kd7 22. Ne5+ Nxe5 23. Rxe5 Rf8 24. f3 a6 25. Nc3 Rf6 26.
Kd2 Rg6 27. g3 Rh6 28. Re2 Rf6 29. f4 b5 30. Ne4 Rh6 31. Nc5+ Kc6 32. b4 a5 33.
a3 a4 34. Re6+ Rxe6 35. Nxe6 g6 36. Nf8 Kd6 37. Nxh7 Kd5 38. Nf8 Ke4 39. Nxg6
Kf5 40. Ne7+ Ke6 41. Nc6 Kd6 42. Nd4 c6 43. g4 Kd5 44. Kd3 Kd6 45. h4 1-0

[Event "Ì13Ï"]
[Site "Loo"]
[Date "2017.04.21"]
[Round "2.51"]
[White "Õàéðóëëèí, Àìèð."]
[Black "Ãðîìîâîé, Êèðèëë."]
[Result "0-1"]
[WhiteElo "1518"]
[BlackElo "1227"]
[PlyCount "92"]
[EventDate "2017.04.20"]

1. e4 e5 2. Nf3 Nc6 3. d4 exd4 4. Bc4 Nf6 5. Ng5 Ne5 6. Bb3 Bb4+ 7. c3 dxc3 8.
O-O O-O 9. f4 Bc5+ 10. Kh1 Neg4 11. e5 Ne3 12. Bxe3 cxb2 13. exf6 Qxf6 14. Nc3
bxa1=Q 15. Qxa1 Bxe3 16. Nd5 Qxa1 17. Rxa1 Bd4 18. Rc1 Bf6 19. Nxc7 Rb8 20.
Nxf7 Rxf7 21. Nb5 Be7 22. Nxa7 d5 23. Bxd5 Bf5 24. Rc7 Kf8 25. h3 Rf6 26. g4
Be6 27. Bxe6 Rxe6 28. f5 Re1+ 29. Kg2 Re2+ 30. Kf3 Rxa2 31. Nc8 Bd6 32. Nxd6
Ra3+ 33. Kg2 Rd8 34. Ne4 b5 35. Rb7 Rb3 36. g5 Re8 37. Nd6 Re2+ 38. Kf1 Rd2 39.
Rb8+ Ke7 40. Re8+ Kd7 41. f6 Rb1+ 42. Re1 Rxe1+ 43. Kxe1 Rxd6 44. g6 hxg6 45.
fxg7 Re6+ 46. Kd2 Re8 0-1

[Event "Ì13Ï"]
[Site "Loo"]
[Date "2017.04.21"]
[Round "2.52"]
[White "Íàëüãèåâ, Ðóñëàí."]
[Black "Íàäâèäîâ, Àðñëàí."]
[Result "1/2-1/2"]
[WhiteElo "1243"]
[BlackElo "1512"]
[PlyCount "80"]
[EventDate "2017.04.20"]

1. d4 Nf6 2. c4 e6 3. Nc3 Bb4 4. Bd2 d5 5. e3 c6 6. Nf3 Nbd7 7. a3 Bxc3 8. Bxc3
Ne4 9. Bd3 Ndf6 10. Ne5 Nxc3 11. bxc3 Nd7 12. Qh5 Nxe5 13. Qxe5 Qf6 14. Qxf6
gxf6 15. cxd5 cxd5 16. Bb5+ Bd7 17. Bxd7+ Kxd7 18. Rb1 b6 19. Ke2 Rac8 20. Rhc1
Rc4 21. Rb4 Rhc8 22. Rxc4 Rxc4 23. Kd3 Kc6 24. Rb1 a6 25. Rb4 Rxb4 26. cxb4 Kb5
27. Kc3 Ka4 28. Kb2 e5 29. Ka2 a5 30. bxa5 Kxa5 31. Kb3 b5 32. f3 h5 33. h4
exd4 34. exd4 f5 35. f4 f6 36. g3 Ka6 37. Kb4 Kb6 38. a4 bxa4 39. Kxa4 Ka6 40.
Kb4 Kb6 1/2-1/2

[Event "Ì13Ï"]
[Site "Loo"]
[Date "2017.04.21"]
[Round "2.53"]
[White "Êîíüêîâ, Ìèõàèë."]
[Black "Ðîäèí, Àëåêñàíäð."]
[Result "1-0"]
[WhiteElo "1497"]
[BlackElo "1207"]
[PlyCount "57"]
[EventDate "2017.04.20"]

1. d4 Nc6 2. d5 Ne5 3. e4 e6 4. Nf3 Nxf3+ 5. Qxf3 Bc5 6. Nc3 Ne7 7. Bd3 Ng6 8.
Be3 Bb4 9. O-O Bxc3 10. bxc3 O-O 11. Qg3 e5 12. f4 exf4 13. Bxf4 d6 14. c4 b6
15. Rae1 f6 16. Be2 Qd7 17. h3 Re8 18. Bh5 Qf7 19. e5 dxe5 20. Bxe5 Qe7 21.
Bxf6 Qc5+ 22. Kh1 Rxe1 23. Rxe1 gxf6 24. Bxg6 Ba6 25. Bf5+ Kf7 26. Be6+ Ke7 27.
Qg7+ Ke8 28. Qf7+ Kd8 29. Qd7# 1-0

[Event "Ì13Ï"]
[Site "Loo"]
[Date "2017.04.21"]
[Round "2.54"]
[White "Ñîèí, Íèêèòà."]
[Black "Áðèëèàíòîâ, Àëåêñàíäð."]
[Result "1-0"]
[WhiteElo "1491"]
[BlackElo "1189"]
[PlyCount "53"]
[EventDate "2017.04.20"]

1. e4 c5 2. Nf3 d6 3. Bb5+ Bd7 4. Bxd7+ Qxd7 5. O-O Nc6 6. c3 e6 7. d4 cxd4 8.
cxd4 Nge7 9. Nc3 g6 10. Be3 Bg7 11. Qe2 O-O 12. Rad1 d5 13. e5 a6 14. Na4 b6
15. Nxb6 Qb7 16. Nxa8 Rxa8 17. Rc1 Nf5 18. Qd3 Nb4 19. Qb3 a5 20. a3 a4 21.
Qxb4 Qa7 22. Qc5 Qb7 23. Qc6 Qa7 24. Rc2 Ne7 25. Qc7 Qxc7 26. Rxc7 Nf5 27. Bg5
{äàëåå çàïèñü íåðàçáîð~~èâà} 1-0

[Event "Ì13Ï"]
[Site "Loo"]
[Date "2017.04.21"]
[Round "2.55"]
[White "Õîëîïîâ, Ðîìàí."]
[Black "Ñìèðíîâ, ßðîñëàâ."]
[Result "1-0"]
[WhiteElo "1199"]
[BlackElo "1488"]
[PlyCount "99"]
[EventDate "2017.04.20"]

1. e4 c5 2. Nf3 d6 3. d4 cxd4 4. Qxd4 Nc6 5. Bb5 Bd7 6. Bxc6 Bxc6 7. Nc3 Nf6 8.
Bg5 e6 9. O-O-O Be7 10. Kb1 Qc7 11. Rhg1 O-O 12. g4 h6 13. Bh4 e5 14. Qe3 Nh7
15. g5 Qd8 16. Nd5 Bxd5 17. Rxd5 hxg5 18. Nxg5 Nxg5 19. Bxg5 Bxg5 20. Rxg5 f6
21. Rh5 Qc7 22. Qb3 g6 23. Rh3 Kg7 24. Rb5 b6 25. a3 Rh8 26. Rd5 Rxh3 27. Qxh3
Re8 28. Qd3 Rd8 29. a4 Qc6 30. a5 bxa5 31. Rxa5 Qb6 32. Qb5 Qxf2 33. Qb7+ Kh6
34. Rxa7 Qd4 35. Qh7+ Kg5 36. h4+ Kf4 37. Qh6+ Kxe4 38. Qxg6+ Kd5 39. Qg2+ e4
40. Ra3 Rb8 41. Rd3 Rxb2+ 42. Ka1 Qxd3 43. Qg8+ Kc5 44. cxd3 Rh2 45. Qc4+ Kb6
46. Qxe4 Rh3 47. Qd4+ Kc6 48. Kb2 f5 49. Kc3 d5 50. Qf6+ {
äàëåå çàïèñü íåðàçáîð~~èâà} 1-0

[Event "Ì13Ï"]
[Site "Loo"]
[Date "2017.04.21"]
[Round "2.56"]
[White "Ðîãèíñêèé, Ðîäèîí."]
[Black "Êîëåñíè÷åíêî, Àëåêñåé."]
[Result "1-0"]
[WhiteElo "1485"]
[BlackElo "1086"]
[PlyCount "107"]
[EventDate "2017.04.20"]

1. e4 e5 2. Bc4 Nc6 3. Nf3 Bc5 4. c3 Nf6 5. d4 exd4 6. e5 Qe7 7. cxd4 Bb4+ 8.
Nc3 d5 9. Bd3 Bg4 10. Be2 Ne4 11. Bd2 O-O-O 12. a3 Ba5 13. Nxe4 dxe4 14. Bxa5
exf3 15. gxf3 Rxd4 16. Bd2 Bh5 17. Qc2 Nxe5 18. O-O-O Nxf3 19. Bxf3 Bxf3 20.
Rde1 Re4 21. Rxe4 Bxe4 22. Re1 Re8 23. Qc4 Qe6 24. Qd4 Qc6+ 25. Bc3 Qh6+ 26.
Bd2 Qc6+ 27. Bc3 Qf6 28. Rxe4 Qxd4 29. Rxe8+ Qd8 30. Rxd8+ Kxd8 31. Bxg7 Kd7
32. Kd2 Kd6 33. Bf8+ Kd5 34. Bg7 Kc4 35. Kc2 b5 36. b3+ Kd5 37. f3 a5 38. Bc3
a4 39. b4 Kc4 40. Bb2 h6 41. h3 h5 42. Bf6 c6 43. Bc3 f5 44. Bb2 Kd5 45. Kd3 c5
46. bxc5 Kxc5 47. Bc3 Kd5 48. Ke3 Kc4 49. Bb4 Kd5 50. Kf4 Ke6 51. Kg5 Ke5 52.
f4+ Ke4 53. h4 Ke3 54. Kxf5 1-0

[Event "Ì11Â"]
[Site "Loo"]
[Date "2017.04.21"]
[Round "2.1"]
[White "Äóäàðåâ, Âëàäèñëàâ."]
[Black "Ìàêîâ, Àðòåì."]
[Result "0-1"]
[WhiteElo "2051"]
[BlackElo "1604"]
[PlyCount "96"]
[EventDate "2017.04.20"]

1. Nf3 d5 2. c4 c6 3. d4 Nf6 4. Nc3 e6 5. Bg5 dxc4 6. e4 b5 7. e5 h6 8. Bh4 g5
9. Nxg5 hxg5 10. Bxg5 Nbd7 11. Qf3 Qb6 12. Bxf6 Nxf6 13. exf6 Bb7 14. Qe3 O-O-O
15. Rd1 c5 16. d5 exd5 17. Be2 d4 18. Qf4 Bd6 19. Qf5+ Kb8 20. Nd5 Bxd5 21.
Qxd5 Rhe8 22. Kf1 Qc7 23. Bf3 Qb6 24. Qxf7 Be5 25. g3 Rf8 26. Qe7 Rfe8 27. Qh7
Bxf6 28. Kg2 d3 29. Rhe1 Bxb2 30. Qf7 Rf8 31. Qh5 Qf6 32. Re3 Bd4 33. Rde1 Bxe3
34. Rxe3 d2 35. Qh7 Qxf3+ 36. Rxf3 d1=Q 37. Rxf8 Rxf8 38. Qe4 Qd4 39. Qe2 Qd5+
40. Kg1 a6 41. h4 c3 42. h5 Qf5 43. f4 Qb1+ 44. Kf2 Qb2 45. Ke1 Qxe2+ 46. Kxe2
Rd8 47. h6 c2 48. h7 c1=Q 0-1

[Event "Ì11Â"]
[Site "Loo"]
[Date "2017.04.21"]
[Round "2.2"]
[White "Ìåäâåäåâ, Ìàòâåé."]
[Black "Ìàíåëþê, Äàíèèë."]
[Result "0-1"]
[WhiteElo "1605"]
[BlackElo "1976"]
[PlyCount "170"]
[EventDate "2017.04.20"]

1. e4 e6 2. c4 d5 3. cxd5 exd5 4. exd5 Nf6 5. Bb5+ Bd7 6. Bc4 Bd6 7. Qe2+ Qe7
8. Qxe7+ Bxe7 9. Nf3 O-O 10. O-O a5 11. a3 Bd6 12. d4 Bf5 13. Nc3 Nbd7 14. Re1
Nb6 15. Ba2 Rfe8 16. Bg5 Ne4 17. Bb1 Nxg5 18. Bxf5 Nxf3+ 19. gxf3 Nc4 20. Nb5
Bf4 21. Re4 Rxe4 22. fxe4 c6 23. Nc3 Rd8 24. Ne2 Bg5 25. f4 Bh4 26. Rc1 cxd5
27. exd5 Nxb2 28. Rc2 Nd1 29. Rc7 Ne3 30. Be4 b6 31. Rc6 Nxd5 32. Bxd5 Rxd5 33.
Rxb6 h6 34. Kg2 Bf6 35. Rb8+ Kh7 36. Kf3 Rh5 37. Kg3 Kg6 38. Rb6 Rd5 39. Kg4
Kh7 40. Rb7 Bxd4 41. Rxf7 Bb2 42. a4 Rd2 43. Re7 Rd3 44. Ra7 Re3 45. Ng3 Bc3
46. Kf5 Rd3 47. Ne4 Ba1 48. Rxa5 Rh3 49. Ra7 Rxh2 50. a5 Ra2 51. a6 Ra4 52. Ng3
Ra3 53. Ne4 Ra4 54. Ng3 Ra5+ 55. Ke6 h5 56. Ne4 h4 57. Ng5+ Kg6 58. Ra8 Bf6 59.
Nf3 h3 60. a7 Kh7 61. Nh2 Bd4 62. Nf3 Bxa7 63. Ng5+ Rxg5 64. fxg5 h2 65. Kf7 g6
66. Rxa7 h1=Q 67. Kf6+ Kg8 68. Rg7+ Kf8 69. Kxg6 Qe4+ 70. Kh6 Qe6+ 71. Kh7 Qe5
72. Rg8+ Kf7 73. g6+ Kf6 74. Rf8+ Kg5 75. g7 Qh2+ 76. Kg8 Kg6 77. Rc8 Qh7+ 78.
Kf8 Qxg7+ 79. Ke8 Kf6 80. Rc6+ Ke5 81. Kd8 Kd5 82. Rc7 Qg4 83. Rd7+ Kc6 84. Rd3
Qg5+ 85. Kc8 Qf5+ 0-1

[Event "Ì11Â"]
[Site "Loo"]
[Date "2017.04.21"]
[Round "2.3"]
[White "Ñèìîíÿí, Ãðèãîðèé."]
[Black "Ïåòðîâñêèé, Íèêèòà."]
[Result "1/2-1/2"]
[WhiteElo "1937"]
[BlackElo "1583"]
[PlyCount "176"]
[EventDate "2017.04.20"]

1. e4 e6 2. c4 c5 3. Nf3 Nc6 4. d4 cxd4 5. Nxd4 Nf6 6. Nc3 Bb4 7. f3 d5 8. exd5
exd5 9. a3 Bxc3+ 10. bxc3 O-O 11. Be2 Qa5 12. Bd2 dxc4 13. Nxc6 bxc6 14. O-O
Bf5 15. Kh1 Qc5 16. Re1 Rad8 17. Qc1 Nd5 18. Bf1 a5 19. Re5 Bg6 20. Be3 Qd6 21.
Bd4 f6 22. Re1 c5 23. Bf2 Bd3 24. Bxd3 cxd3 25. c4 Nb4 26. Rd1 d2 27. Qc3 Nd3
28. Rxd2 Nxf2+ 29. Rxf2 Qd4 30. Qxd4 Rxd4 31. Rc2 Rb8 32. h3 Kf7 33. Rac1 a4
34. Kh2 Rb3 35. Rc3 Rd3 36. Rxd3 Rxd3 37. Rb1 Rc3 38. Rb7+ Kg6 39. Rc7 Rxc4 40.
Kg3 h5 41. h4 Kh6 42. Rc6 Kh7 43. Rc7 f5 44. Rc6 f4+ 45. Kh3 Rc3 46. Kh2 Rc1
47. Ra6 Rc4 48. Rc6 Kg8 49. Rc7 Kf8 50. Kh1 Rc3 51. Kh2 g6 52. Rc6 Kf7 53. Kh3
Rc1 54. Kh2 c4 55. Ra6 c3 56. Rxa4 c2 57. Rxf4+ Ke6 58. Rc4 Ra1 59. Rxc2 Rxa3
60. Rc4 Kf6 61. Kg3 Ra2 62. Kh3 Ra3 63. Rf4+ Kg7 64. Kg3 Rb3 65. Ra4 Rb2 66.
Ra5 Rc2 67. Rg5 Rc4 68. f4 Kh6 69. Re5 Rc3+ 70. Kf2 Rc2+ 71. Kf3 Rc3+ 72. Re3
Rc2 73. g3 Rc4 74. Ra3 Rb4 75. Ke3 Rc4 76. Kd3 Rb4 77. Ke3 Rc4 78. Kf3 Rb4 79.
Kg2 Rc4 80. Kh3 Rb4 81. Rf3 Rb5 82. g4 hxg4+ 83. Kxg4 Rb4 84. Rc3 Ra4 85. Rc6
Ra5 86. Re6 Rb5 87. Re5 Rb1 88. Ra5 Rg1+ 1/2-1/2

[Event "Ì11Â"]
[Site "Loo"]
[Date "2017.04.21"]
[Round "2.4"]
[White "Ôîìêèí, Äìèòðèé."]
[Black "Ëûñöîâ, Ëåîíèä."]
[Result "1-0"]
[WhiteElo "1579"]
[BlackElo "1864"]
[PlyCount "91"]
[EventDate "2017.04.20"]

1. e4 g6 2. d4 Bg7 3. Nf3 d6 4. h3 Nf6 5. Nc3 O-O 6. Bd3 c5 7. Be3 cxd4 8. Nxd4
Nc6 9. O-O d5 10. exd5 Nxd5 11. Nxd5 Nxd4 12. Nf4 Nf5 13. Bxf5 Bxf5 14. c3 Qa5
15. Qe2 Rfd8 16. Rfd1 e5 17. Nd3 Qb5 18. Nf4 Qc6 19. Nd3 Qa6 20. Nc1 Rxd1+ 21.
Qxd1 Bf6 22. Qe2 Rd8 23. Qxa6 bxa6 24. Nb3 Rd7 25. Nc5 Rd5 26. Nxa6 Ra5 27. Nb4
Be6 28. a3 Kf8 29. Rd1 Ke8 30. Rd6 Be7 31. Rd3 Bd7 32. f3 Ra4 33. Rd5 f6 34.
Kf2 a6 35. Bb6 Bb5 36. Ke3 Bc4 37. Rd1 f5 38. Kd2 Bb5 39. Kc2 a5 40. Nd5 Bc6
41. b3 Rf4 42. Nxf4 exf4 43. a4 g5 44. Bxa5 g4 45. Rd3 h5 46. Bb4 1-0

[Event "Ì11Â"]
[Site "Loo"]
[Date "2017.04.21"]
[Round "2.5"]
[White "Âîëêîâ, Ìàêñèì."]
[Black "Îãëîáëèí, Èëüÿ."]
[Result "1-0"]
[WhiteElo "1862"]
[BlackElo "1475"]
[PlyCount "59"]
[EventDate "2017.04.20"]

1. d4 Nf6 2. c4 g6 3. Nc3 d5 4. Bf4 Bg7 5. Nf3 O-O 6. e3 c5 7. dxc5 Qa5 8. Be5
dxc4 9. Bxc4 Qxc5 10. Qb3 Nc6 11. Na4 Qa5+ 12. Bc3 Qc7 13. O-O Rb8 14. Bb5 Bg4
15. Bxc6 Qxc6 16. Ne5 Qc7 17. Rac1 b5 18. Nc5 Qxc5 19. Nxg4 Nxg4 20. h3 Ne5 21.
Bd4 Qd6 22. Qc3 Rbc8 23. Qxc8 Rxc8 24. Rxc8+ Bf8 25. Rfc1 Nd3 26. R1c6 Qd7 27.
R6c7 Qf5 28. e4 Qxe4 29. Rxf8+ Kxf8 30. Rc8# 1-0